Llibre d'incidències : pla de seguretat i salut en el treball d'edificació i obres públiques pla de seguretat i salut en el treball d'edificació i obres públiques
Descripción Física:
30 cm
MARC
| LEADER | 00000nam a2200000Ia 4500 | ||
|---|---|---|---|
| 001 | 22419 | ||
| 008 | 160829s1998 xx 000 0 cat d | ||
| 080 | |a C-3-274 | ||
| 245 | |a Llibre d'incidències : |b pla de seguretat i salut en el treball d'edificació i obres públiques | ||
| 260 | |a Barcelona : |b Diputació de Barcelona, |c 1998 | ||
| 300 | |a 30 cm | ||
| 590 | |a Paper autocopiable per a anotar les incidències | ||
| 650 | |a Obres públiques |9 38683 | ||
| 650 | 0 | |a Seguretat en el treball |9 29113 | |
| 710 | 1 | |a Barcelona (Catalunya : Província). |b Diputació |9 52408 | |
| 901 | |a Arxiu | ||
| 942 | |n 1 | ||
| 952 | |0 0 |1 0 |4 0 |6 C3274 |7 1 |9 51350 |a Arxiu |b Arxiu |d 2016-12-01 |l 0 |o C-3-274 |p 22419 |r 2016-12-01 00:00:00 |w 2016-12-01 |y ARXIU | ||
| 999 | |c 55194 |d 55194 | ||